000 00428nam a2200145Ia 4500
008 230917s9999||||xx |||||||||||||| ||und||
040 _e42531
_aMAIN
041 _aEnglish
082 _a820.9 S48S
100 _aSelincourt, Aubery De
245 0 _aSeven great writers: Shakespeare, Defoe, Johnson, Wordsworth, Keats, Mill, Dickens
260 _aLondon
_bEnglish Language Book Society
_c1964
300 _a190 p.
942 _cBK
999 _c230179
_d230179